000 00794cam a2200253 4500
001 ABS64498
008 010927n2001 000 0 eng u
035 _a(Sirsi) u114873
245 _aRegional survey: Greater Manchester
260 _c2001
490 _aProperty Week
_v66(37) 14 September 2001, 47-80(13)
590 _aABS
650 _aGREATER MANCHESTER
650 _aAMEC
650 _aBUSINESS PARKS
650 _aPROPERTY-COMMERCIAL PROPERTY-OFFICE PROPERTY-OFFICE PROPERTY MARKET
650 _aMANCHESTER AIRPORT
650 _aCITY CENTRE
650 _aPROPERTY-COMMERCIAL PROPERTY-RETAIL PROPERTY-RETAIL PROPERTY MARKET
650 _aINDUSTRIAL MARKET
650 _aLEISURE MARKET
690 _aPROPERTY-COMMERCIAL PROPERTY-COMMERCIAL PROPERTY MARKET
942 _n0
999 _c68403
_d68403